000
00308nam a22001337a 4500
008
230418b ||||| |||| 00| 0 eng d
041
_a
SERBISHT
080
_2
2000
_a
61
082
_a
61ADA
100
_a
5
101
_a
MJEKSI
245
_a
4KRVNE GRUPE ZA 4 NACINA PREHRANE
_c
ADAMO.D.J.P
942
_2
udc
_c
BK
999
_c
59572
_d
59572